Famous Painters - Statistics

General Stats
  • This quiz has been taken 59 times
  • The average score is 11 of 17
Answers on the Grid
Answers color-coded by a green-red scale on the quiz's grid according to % correct below.
Jackson Pollock
Andrea Bocelli
Auguste Rodin
Frida Kahlo
Wassily Kandinsky
Pablo Picasso
Donatello
Vincent van Gogh
Gian Lorenzo Bernini
Claude Monet
Alexander Calder
Caravaggio
Leonardo da Vinci
Constantin Brâncuși
Henry Moore
Masaccio
Francesco Petrarca
Leonardo Bruni
Johann Sebastian Bach
Amedeo Modigliani
Giotto di Bondone
Jan van Eyck
Antonio Vivaldi
Gustav Klimt
Joseph Haydn
Pyotr Ilyich Tchaikovsky
Sandro Botticelli
Gustave Courbet
Diego Rivera
Hilma af Klint
 
Answer Stats
Answer % Correct
Vincent van Gogh
91%
Jackson Pollock
89%
Frida Kahlo
85%
Claude Monet
83%
Pablo Picasso
83%
Leonardo da Vinci
81%
Gustav Klimt
66%
Wassily Kandinsky
66%
Caravaggio
64%
Diego Rivera
62%
Jan van Eyck
60%
Sandro Botticelli
60%
Amedeo Modigliani
45%
Gustave Courbet
43%
Giotto di Bondone
36%
Masaccio
32%
Hilma af Klint
21%
No matching quizzes found
Score Distribution
Percent of People with Each Score
Percentile by Number Answered
Your Score History
You have not taken this quiz